[Event "FRA-chT4 0506"]
[Site "Bretagne"]
[Date "2006.02.05"]
[Round "5"]
[White "Gaizin Gauter, Guillaume"]
[Black "Galland, Romain"]
[Result "0-1"]
[WhiteElo "1199"]
[BlackElo "1099"]
[PlyCount "96"]
[EventDate "2005.10.16"]
[EventType "team"]
[EventRounds "7"]
[EventCountry "FRA"]
[SourceTitle "EXT 2007"]
[Source "ChessBase"]
[SourceDate "2006.11.23"]
[SourceVersion "1"]
[SourceVersionDate "2006.11.23"]
[SourceQuality "1"]

1. e4 e5 2. Nf3 Nc6 3. Nc3 Bc5 4. Bb5 Nf6 5. 0-0 Nd4 6. d3 c6 7. Bc4 d6 8. Bg5 h6 9. Be3 Be6 10. a3 b5 11. Bb3 0-0 12. h4 Nxf3+ 13. gxf3 Bxb3 14. cxb3 d5 15. b4 Bxe3 16. fxe3 Qb6 17. Qe2 d4 18. exd4 Qxd4+ 19. Kh1 Nh5 20. Qf2 Qxd3 21. Rad1 Qc4 22. Qc5 Qxc5 23. bxc5 Ng3+ 24. Kg1 Nxf1 25. Kxf1 f5 26. exf5 Rxf5 27. Rd3 Raf8 28. Ke2 Rf4 29. Nd1 Rxh4 30. b3 e4 31. fxe4 Rxe4+ 32. Ne3 h5 33. Rd6 Rfe8 34. Rd3 h4 35. Kf2 h3 36. Kg3 Rxe3+ 37. Rxe3 Rxe3+ 38. Kf4 Rxb3 39. a4 bxa4 40. Ke5 h2 41. Kd6 h1Q 42. Ke5 Qd5+ 43. Kf4 Rb4+ 44. Ke3 Qd4+ 45. Kf3 Qe4+ 46. Kf2 Rb3 47. Kf1 Rb2 48. Kg1 Qg2# 0-1